Theories of counseling.
保存先:
| 第一著者: | |
|---|---|
| その他の著者: | |
| フォーマット: | 図書 |
| 言語: | English |
| 出版事項: |
New York,
McGraw-Hill
[1972]
|
| 版: | 2d ed. |
| シリーズ: | Guidance, counseling, and student personnel in education.
McGraw-Hill series in education. |
| 主題: |
| LEADER | 01390nam a2200361 a 4500 | ||
|---|---|---|---|
| 001 | c000214318 | ||
| 003 | CARM | ||
| 005 | 20001003203122.0 | ||
| 008 | 720426s1972 nyu b 001 0 eng | ||
| 010 | |a 70172668 //r922 | ||
| 019 | 1 | |a 23875123 |z 57840 |5 LACONCORD2021 | |
| 020 | |a 0070609713 | ||
| 035 | |a (OCoLC)308551 |5 LACONCORD2021 | ||
| 040 | |a LC |b eng |c LC |d ANL:NR | ||
| 050 | 0 | 0 | |a LB1027.5 |b .S74 1972 |
| 050 | 4 | |a LB1027.5 |b .S7 1972 | |
| 082 | 0 | 0 | |a 371.4/08 |
| 082 | 0 | 4 | |a 371.4/08 |
| 100 | 1 | |a Stefflre, Buford, |e ed. | |
| 245 | 1 | 0 | |a Theories of counseling. |c [Edited by] Buford Stefflre [and] W. Harold Grant. |
| 250 | |a 2d ed. | ||
| 260 | |a New York, |b McGraw-Hill |c [1972] | ||
| 300 | |a vi, 326 p. |c 24 cm. | ||
| 490 | 0 | |a Guidance, counseling, and student personnel in education. | |
| 490 | 0 | |a McGraw-Hill series in education. | |
| 504 | |a Includes bibliographies. | ||
| 650 | 0 | |a Educational counseling. | |
| 700 | 1 | |a Grant, W. Harold |q (William Harold), |d 1933-, |e joint ed. | |
| 852 | 8 | |b CARM |h A2:AM19B0 |i B05810 |p 0253168 |f BK | |
| 852 | 8 | |b CARM |h A1:AP33B0 |i B07864 |p 0351386 |f BK | |
| 999 | f | f | |i c8019c4b-42cc-5013-9497-dca5a6195908 |s 793ec43b-893f-514c-874f-8c13c173c719 |
| 952 | f | f | |p Can circulate |a CAVAL |b CAVAL |c CAVAL |d CARM 1 Store |e B07864 |f A1:AP33B0 |h Other scheme |i book |m 0351386 |
| 952 | f | f | |p Can circulate |a CAVAL |b CAVAL |c CAVAL |d CARM 1 Store |e B05810 |f A2:AM19B0 |h Other scheme |i book |m 0253168 |